Geometry Dash - Extreme Demons Starting with G (Pre-2.2) - Statistics

General Stats
  • This quiz has been taken 108 times
    22 since last reset
  • The average score is 10 of 35
Answer Stats
Publisher Answer % Correct
BoBoBoBoBoBoBo The {Golden}
90%
MindCap Gamma
80%
Rob Buck Glowy
80%
crohn44 Glide
60%
Renn241 Gustavo Fring
50%
Doggie The {Gins II}
50%
Pennutoh Generic Wave
40%
GDZenmuron Golden Club
40%
DaGYT Graceful
40%
TeamSmokeWeed Galactic Shift
30%
SrGuillester Game Over
30%
Polarbeahr Gaming
30%
kalculus19 gardening map
30%
Squizaaard GLISTEN
30%
GrenadeofTacos Goldcrest Palace
30%
NindyBK Gracefully
30%
MikeWheelerFan Grill Kill
30%
64x GANGIMARI
20%
Wintter GewErbiX
20%
TCTeam Glitched Memories
20%
shmigels gloss
20%
krakow1918 Golden Flare
20%
Nightning GONER
20%
Eclipsed GridLocked
20%
Metalface221 Gang Plank Hell
10%
Df0rDie Generic Glow Level
10%
Alphirox Gentlemens Clique
10%
ivyteal GEODE
10%
Nelll Glacial Torrent
10%
Imjum Glimmer
10%
EntiqueGD Glory
10%
KazaGD gravity
10%
Eveteer Gateway
0%
Kapinapi GBS
0%
GangstaSpongebo Graphite World
0%
No matching quizzes found
Score Distribution
Percent of People with Each Score
Percentile by Number Answered
Your Score History
You have not taken this quiz since the last reset